| 000 | 00320 a2200085 4500 | ||
|---|---|---|---|
| 100 | 1 |
_aSovetov, B.Ja.. _eAutor |
|
| 245 | 0 |
_aTeorija informacii : _bTeoreticeskie osnovy peredaci informacii v ASU / _cSovetov B.Ja.. |
|
| 710 | 2 |
_aIzd. Leningr. Univer.. _eWydawca _4pbl |
|
| 260 |
_aLeningrad : _bIzd. Leningr. Univer., _c1977. |
||
| 300 |
_a183 s.; _c24 cm. |
||
| 999 |
_c12453 _d12453 |
||